Văn học Việt Nam Nơi miền đất mới T. 2

Những thể loại văn học và những tác phẩm, tác giả văn học tiêu biểu thời đại mới của miền Nam như Phan Huấn Chương, Nguyễn An Ninh, Huỳnh Khắc Dung...

保存先:
書誌詳細
第一著者: Nguyễn Q. Thắng (T. chọn g. thiệu)
フォーマット: 図書
言語:Vietnamese
出版事項: H. Nxb. Văn học 2007
主題:
タグ: タグ追加
タグなし, このレコードへの初めてのタグを付けませんか!
Thư viện lưu trữ: Mạng thư viện Đại học Đà Nẵng
LEADER 01323nam a2200349 4500
001 000004622
003 762
005 20120403100406.0
008 110729s2007 viesd
020 |c 265000 
041 0 |a vie 
082 |a 895.922  |b NG-T 
100 0 |a Nguyễn Q. Thắng 
245 1 0 |a Văn học Việt Nam  |b Nơi miền đất mới  |c Nguyễn Q. Thắng s. tầm, t. chọn  |n T. 2 
260 |a H.  |b Nxb. Văn học  |c 2007 
300 |a 1470tr  |c 24cm 
520 |a Những thể loại văn học và những tác phẩm, tác giả văn học tiêu biểu thời đại mới của miền Nam như Phan Huấn Chương, Nguyễn An Ninh, Huỳnh Khắc Dung... 
653 |a Nghiên cứu 
653 |a Văn học 
653 |a Việt Nam 
700 |a Nguyễn Q. Thắng  |e T. chọn g. thiệu 
773 |t Văn học Việt Nam  |w 759 
OWN |a LSP 
AVA |a UDN50  |b LSP  |d 895.922 NG-T  |e available  |t Error 5001 Not defined in file expand_doc_bib_avail.  |f 5  |g 0  |h N  |i 0  |k 1 
999 |a From the UDN01 
AVA |a UDN50  |b LSP  |d 895.922 NG-T  |e available  |t Error 5001 Not defined in file expand_doc_bib_avail.  |f 5  |g 0  |h N  |i 0  |k 1 
TYP |a Monograph 
TYP |a Printed language 
980 |a Mạng thư viện Đại học Đà Nẵng